Countries with Desert - Statistics

General Stats
  • This quiz has been taken 2,024 times
    2,012 since last reset
  • The average score is 60 of 65
Answer Stats
Country % Correct
Egypt
98%
Algeria
97%
Australia
97%
Chile
97%
Morocco
97%
United States
97%
Argentina
96%
Brazil
96%
Chad
96%
China
96%
Mexico
96%
Peru
96%
Sudan
96%
Colombia
95%
Iran
95%
Iraq
95%
Mali
95%
Niger
95%
Oman
95%
Russia
95%
Bolivia
94%
Ecuador
94%
India
94%
Kazakhstan
94%
Libya
94%
Pakistan
94%
Saudi Arabia
94%
South Africa
94%
Tunisia
94%
Turkey
94%
Venezuela
94%
Yemen
94%
Afghanistan
93%
Ethiopia
93%
Israel
93%
Mauritania
93%
Mongolia
93%
Qatar
93%
Somalia
93%
South Sudan
93%
Turkmenistan
93%
Jordan
92%
Namibia
92%
Nigeria
92%
United Arab Emirates
92%
Uzbekistan
92%
Angola
91%
Bahrain
91%
Eritrea
91%
Kuwait
91%
Kyrgyzstan
91%
Syria
91%
Tajikistan
91%
Djibouti
90%
Armenia
89%
Azerbaijan
89%
Botswana
89%
Kenya
89%
Senegal
88%
Zimbabwe
88%
Spain
87%
Burkina Faso
86%
Cameroon
82%
Madagascar
76%
Cape Verde
64%
No matching quizzes found
Score Distribution
Percent of People with Each Score
Percentile by Number Answered
Your Score History
You have not taken this quiz since the last reset